000
00188nam a22000857a 4500
082
_a
823
100
_a
BHIKING BHAI
245
_a
MORAL STORIES ( IN SEPERATED STORIES) FOR CHILDREN
942
_c
BK
999
_c
8216
_d
8216